Trophée Yachine 2022 - Statistiques

Statistiques générales
  • Ce quiz a été pris 134 fois
  • Le résultat moyen est 7 sur 10
Statistiques - réponses
Rang Joueurs Club Points % Correct
1 Thibaut Courtois Real Madrid 456
99%
3 Ederson Manchester City 72
92%
2 Alisson Liverpool 108
90%
7 Manuel Neuer Bayern Munich 25
88%
10 Hugo Lloris Tottenham 9
82%
4 Édouard Mendy Chelsea 61
78%
8 Jan Oblak Atletico Madrid 17
78%
5 Mike Maignan AC Milan 45
76%
9 Yassine Bounou Séville 17
33%
6 Kevin Trapp Eintracht Francfort 27
29%
Aucun quiz correspondant
Distribution des résultats
% des personnes avec chaque résultat
Percentile par nombre de réponses
Votre historique - résultats
Vous n’avez pas pris ce quiz